Random Math Calculation - Statistics

General Stats
  • This quiz has been taken 346 times
  • The average score is 13 of 15
Answer Stats
Hint Answer % Correct
100 / 25 4
99%
5 x 9 45
99%
99 x 0 0
98%
2 x 1.75 3.5
97%
5 x 7 35
97%
9 x 8 72
97%
3 x 4.5 13.5
96%
12 x 12 144
96%
1 x 1.356 1.356
93%
200 x 31 6200
87%
11 x 93 1023
81%
17 x 2.5 42.5
79%
78 x 7 546
78%
19 x 21 399
76%
255 x 12 3060
74%
No matching quizzes found
Score Distribution
Percent of People with Each Score
Percentile by Number Answered
Your Score History
You have not taken this quiz